Bienvenue à la E-Bibliothèque de l’UEH

Bénéficiez l'accès à des milliers de ressources en ligne

Impegno, politica, ideologia nella letteratura italiana degli anni Duemila. (notice nᵒ 32084)

détails MARC
000 -LEADER
fixed length control field 00673 a2200193 4500
001 - CONTROL NUMBER
control field OJ-narrativa-2576
003 - CONTROL NUMBER IDENTIFIER
control field FrMaCLE
005 - DATE AND TIME OF LATEST TRANSACTION
control field 20251214085652.0
007 - PHYSICAL DESCRIPTION FIXED FIELD--GENERAL INFORMATION
fixed length control field cu ||||||m||||
008 - FIXED-LENGTH DATA ELEMENTS--GENERAL INFORMATION
fixed length control field 231215e||||||||xx |||||s|||||||||0|it|d
024 7# - OTHER STANDARD IDENTIFIER
Standard number or code 10.4000/narrativa.2576
Source of number or code doi
040 ## - CATALOGING SOURCE
Original cataloging agency FR-FrMaCLE
100 1# - MAIN ENTRY--PERSONAL NAME
Personal name Contarini, Silvia
245 10 - TITLE STATEMENT
Title Impegno, politica, ideologia nella letteratura italiana degli anni Duemila.
260 ## - PUBLICATION, DISTRIBUTION, ETC.
Date of publication, distribution, etc. 2023
540 ## - TERMS GOVERNING USE AND REPRODUCTION NOTE
Terms governing use and reproduction CC-BY-4.0
Uniform Resource Identifier <a href="https://creativecommons.org/licenses/by/4.0/">https://creativecommons.org/licenses/by/4.0/</a>
700 1# - ADDED ENTRY--PERSONAL NAME
Personal name Sermini, Sara
856 4# - ELECTRONIC LOCATION AND ACCESS
Uniform Resource Identifier <a href="https://journals.openedition.org/narrativa/2576">https://journals.openedition.org/narrativa/2576</a>
Link text Impegno, politica, ideologia nella letteratura italiana degli anni Duemila

Pas d'exemplaire disponible.

Bibliothèque universitaire de l'UEH
Portail centralisé donnant accès au catalogue, aux ressources numériques et aux productions scientifiques de l’Université d’État d’Haïti.

Plateformes institutionnelles

  • Dépôt institutionnel UEH
  • Revues scientifiques UEH
  • GED institutionnelle
  • UEH enseignement à distance

Contact

  • Adresse : 21 Rue Rivière, Port-au-Prince
  • Email : bibliotheque@ueh.edu.ht
  • Téléphone : +509 22-45-68-43 / 22-45-68-44
  • Heures : Lundi–Vendredi 8h–16h
© 2026 UEH – E-Bibliothèque de l’Université d’État d’Haïti | À propos | Confidentialité | Conditions | Mentions légales | Accessibilité | Plan du site | Contact